[Event "Durban USSA op"]
[Site "Durban"]
[Date "2023.12.05"]
[Round "3"]
[White "Ncube, Thembelani"]
[Black "Salem, Abdarahim"]
[Result "1/2-1/2"]
[WhiteElo "1347"]
[BlackElo "1631"]
[PlyCount "120"]
[EventDate "2023.12.04"]
[EventType "swiss"]
[EventRounds "9"]
[EventCountry "RSA"]
[SourceTitle "CB50_2023"]
[SourceDate "2023.12.13"]
[SourceVersion "1"]
[SourceVersionDate "2023.12.13"]
[SourceQuality "1"]

1. e4 d6 2. d4 Nf6 3. Nc3 Nbd7 4. Nf3 e5 5. Bc4 h6 6. 0-0 c6 7. Bb3 Be7 8. h3 Qc7 9. Re1 Nf8 10. a4 a5 11. Be3 g5 12. dxe5 dxe5 13. Nxe5 Qxe5 14. Bd4 Qf4 15. e5 Ng4 16. hxg4 Bxg4 17. f3 Be6 18. Re4 Qf5 19. Bb6 Nd7 20. Bxe6 Qxe6 21. Bc7 Nc5 22. Re1 Qf5 23. Bd6 Rd8 24. Ne4 Nxe4 25. Rxe4 0-0 26. Ra3 Bxd6 27. exd6 Qc5+ 28. Qd4 Qxd6 29. Qxd6 Rxd6 30. Rb3 Rb8 31. Rb6 Rd7 32. Rc4 Rc7 33. Rc5 Ra8 34. Kf2 Kf8 35. Kg3 Kg7 36. Re5 Kf6 37. f4 gxf4+ 38. Kxf4 Rg8 39. Rf5+ Ke6 40. g4 Rd7 41. c3 Rg5 42. Rxg5 hxg5+ 43. Kxg5 Ke5 44. b4 axb4 45. cxb4 Kd6 46. Kf6 Kc7 47. a5 Rd4 48. g5 Rg4 49. Kf5 Rg1 50. Kf6 Rf1+ 51. Kg7 Rf2 52. Kh6 Rf5 53. g6 Rf6 54. Kg7 Rxg6+ 55. Kxf7 Rg5 56. Ke6 Rh5 57. Ke7 c5 58. Rb5 Kc6 59. Rxc5+ Rxc5 60. bxc5 Kxc5 1/2-1/2